Fairchild v Glenhaven Funeral Services Ltd and others (Record no. 70325)
[ view plain ]
| 000 -LEADER | |
|---|---|
| fixed length control field | 01541cam a2200205 4500 |
| 001 - CONTROL NUMBER | |
| control field | X118086 |
| 008 - FIXED-LENGTH DATA ELEMENTS--GENERAL INFORMATION | |
| fixed length control field | 020522n2002 000 0 eng u |
| 035 ## - SYSTEM CONTROL NUMBER | |
| System control number | (Sirsi) u118086 |
| 245 ## - TITLE STATEMENT | |
| Title | Fairchild v Glenhaven Funeral Services Ltd and others |
| 260 ## - PUBLICATION, DISTRIBUTION, ETC. | |
| Date of publication, distribution, etc. | 2002 |
| 520 ## - SUMMARY, ETC. | |
| Summary, etc. | [2002] UKHL 22, 20 June 2002. HL has allowed an appeal in a test case Fairchild v Glenhaven Funeral Services Ltd and othes which could lead to further compensation claims by a large number of people affected by asbestos-related diseases. The HL overturned a CA ruling in December 2001 which effectively blocked compensation for individuals exposed to asbestos while working for more than one employer. The HL gave its decision verbally on 16 May 2002 due to the ill-health of one of the claimants ruling that compensation should be awarded to suffers of mesothelioma, an asbestos-related disease although it could not be established which employer was to blame. The decision may have implications for other negligence and produce liability claims. (See also Abs65719). View judgment at www.parliament.the-stationery-office.co.uk. |
| 650 ## - SUBJECT ADDED ENTRY--TOPICAL TERM | |
| Topical term or geographic name entry element | FAIRCHILD V GLENHAVEN FUNERAL SERVICES LTD AND OTHERS |
| 650 ## - SUBJECT ADDED ENTRY--TOPICAL TERM | |
| Topical term or geographic name entry element | MANAGEMENT-HEALTH AND SAFETY-HAZARDOUS SUBSTANCES-ASBESTOS |
| 650 ## - SUBJECT ADDED ENTRY--TOPICAL TERM | |
| Topical term or geographic name entry element | MESOTHELIOMA |
| 650 ## - SUBJECT ADDED ENTRY--TOPICAL TERM | |
| Topical term or geographic name entry element | NEGLIGENCE |
| 650 ## - SUBJECT ADDED ENTRY--TOPICAL TERM | |
| Topical term or geographic name entry element | EMPLOYERS LIABILITY |
| 690 ## - LOCAL SUBJECT ADDED ENTRY--TOPICAL TERM (OCLC, RLIN) | |
| Topical term or geographic name as entry element | HEALTH AND SAFETY-CASE LAW |
| 856 ## - ELECTRONIC LOCATION AND ACCESS | |
| Uniform Resource Identifier | <a href="https://www.parliament.the-stationery-office.co.uk/pa/ld200102/ldjudgmt/jd020620/fchild-1.htm">https://www.parliament.the-stationery-office.co.uk/pa/ld200102/ldjudgmt/jd020620/fchild-1.htm</a> |
| Hours access method available | View judgment on the HL website... |
| 942 ## - ADDED ENTRY ELEMENTS (KOHA) | |
| Suppress in OPAC | 0 |
| Withdrawn status | Lost status | Source of classification or shelving scheme | Damaged status | Not for loan | Home library | Current library | Shelving location | Date acquired | Total Checkouts | Full call number | Barcode | Date last seen | Copy number | Price effective from | Koha item type |
|---|---|---|---|---|---|---|---|---|---|---|---|---|---|---|---|
| Dewey Decimal Classification | London | London | Journal article | 22/05/2002 | X118086 | 118086-1001 | 06/08/2019 | 1 | 06/08/2019 | Law report |